| 000 | 00806nai a2200205Ia 4500 | ||
|---|---|---|---|
| 003 | IN-BaIIA | ||
| 008 | 211028c9999 xx s 000 0 eng d | ||
| 022 | _a0273-1959 (Print) | ||
| 022 | _a2379-867X (Online) | ||
| 040 | _cIIA Library | ||
| 245 | 0 |
_aTransactions of the IRE Professional Group on Industrial Electronics _h[eJournal] |
|
| 260 |
_aNew York, USA _bThe Institute of Electrical and Electronics Engineers, Inc. (IEEE) |
||
| 310 | _aAnnually | ||
| 362 | _a1(1); 1953 - 1(1); 1953 | ||
| 521 | _bSubscribed through National Knowledge Resource Consortium (NKRC) | ||
| 650 | _a Components, Circuits, Devices and Systems | ||
| 650 | _aPower, Energy and Industry Applications | ||
| 856 |
_uhttps://ieeexplore.ieee.org/servlet/opac?punumber=4319302 _yClick Here to Access eJournal |
||
| 942 | _cEJ | ||
| 999 |
_c35827 _d35827 |
||